| 000 | 00823nam a2200217Ia 4500 | ||
|---|---|---|---|
| 001 | 3320 | ||
| 003 | GE_BSU | ||
| 008 | 181216s||||||||xx |||||||||||||| ||und|| | ||
| 040 | _cGE_BSU | ||
| 080 | _a517.2(076.1) | ||
| 100 | _aБараненков,Г.С. Демидович,Б.П. Ефименко,В.А. и др. | ||
| 245 | _aЗадачи и упражнения по математическому анализу для втузов. | ||
| 245 | _cПод ред. Б.П.Демидовича. | ||
| 250 | _aИздание седьое, стереотипное. | ||
| 260 | _aМ. | ||
| 260 | _bНаука. | ||
| 260 | _c1970. | ||
| 300 | _a472стр.с илл. приложения стр.:461-472. | ||
| 653 | _aЗадачи и упражнения по математическому анализу. | ||
| 942 | _cBK | ||
| 999 |
_c37361 _d37361 |
||